000
00204nam a2200085Ia 4500
008
120527s9999 xx 000 0 und d
100
_a
ROVENDAL,Rohr,Petra
245
_a
Where there is no artist
942
_c
BK
999
_c
25153
_d
25153